Powiaty w Polsce na literę R - Statystyki

Ogólne statystyki
  • Ten quiz został rozwiązany 69 razy
  • Średni wynik to 11 z 16
Statystyki odpowiedzi
Odpowiedź % Poprawnych
Radom
95%
Rzeszów
95%
radomski
93%
rzeszowski
89%
Rybnik
75%
rybnicki
70%
rycki
70%
radomszczański
68%
rawicki
66%
rawski
66%
radziejowski
61%
rypiński
61%
raciborski
55%
Ruda Śląska
55%
radzyński
50%
ropczycko-sędziszowski
50%
Nie znaleziono quizów pasujących do podanych kryteriów
Rozkład punktacji
Procent ludzi z każdym wynikiem
Percentyl według liczby udzielonych odpowiedzi
Twoja historia wyników
Nie rozwiązałeś tego quizu